Statistics for Most Bicycle Friendly Cities!

Click here to take the quiz!

General Stats

  • This quiz has been taken 29 times
  • The average score is 7 of 15

Answer Stats

HintAnswer% Correct
2.Amsterdam
92%
1.Copenhagen
92%
11.Berlin
77%
6.Hamburg
69%
13.Cologne
54%
15.Frankfurt
46%
12.Melbourne
42%
4.Bremen
38%
14.Dresden
38%
7.Leipzig
38%
10.Nuremberg
35%
5.Hannover
31%
9.Montreal
31%
8.Bristol
12%
3.Hangzhou
8%

Score Distribution

Percentile by Number Answered

Percent of People with Each Score

Your Score History

You have not taken this quiz